| 000 | 01001nam0a22002411 4500 | ||
|---|---|---|---|
| 001 | rc\2674167 | ||
| 005 | 20250623152552.0 | ||
| 035 | _a(NLR Aleph) 006802685 | ||
| 090 |
_a6260313 _c6260313 |
||
| 100 | _a20110915d1932 |||y0rusy50 ca | ||
| 101 | 0 | _arus | |
| 102 | _aRU | ||
| 105 | _ay z ||||| | ||
| 200 | 1 |
_aОб итогах 1931 года и контрольные цифры народнохозяйственного плана на 1932 год _eДоклад на III расш. пленуме Казкрайкома ВКП(б) _fУ. Исаев |
|
| 210 |
_aАлма-Ата _aМосква _cКраев. изд-во Огиза в Казакстане _d1932 _eАлма-Ата _gтипо-лит. № 2 Казполиграфтреста |
||
| 215 |
_aОбл., 51 с., включ. тит. л., 1 с. объявл. _d18х12 см. |
||
| 700 | 1 |
_aИсаев _bУ.Д. |
|
| 801 | 0 |
_aRU _bNLR _gpsbo |
|
| 801 | 1 |
_aRU _bELAR _2rusmarc |
|
| 852 |
_aNLR _j32-8/6313 |
||
| 942 | _cBOOK | ||
| 980 | _aNB | ||